000 00583nas a22001817a 4500
003 IIN
005 20251211130945.0
008 251211c2019 |||gr|p |||| 00| 0 eng d
022 _a2582-1512 (e-ISSN)
040 _aIIN
245 _aJournal of Medical Surgical Nursing Practice and Research
_cedited by I. Clement
260 _aUtter Pradesh
_bMAT Journals
_c2019
300 _avol. 1 no. 1
650 _aNursing
_xMedical Surgical
650 _aNursing
_xResearch
856 _uhttps://matjournals.com/Journal-of-Medical-Surgical-Nursing-Practice-and-Research.html
942 _cSER
_s1
999 _c1885
_d1885